Finis Vitae (Record n. 210445)
[ formato base ]
| 000 -LEADER | |
|---|---|
| fixed length control field | 01803nam a2200205Ia 4500 |
| 001 - CONTROL NUMBER | |
| control field | b6584-47509 |
| 003 - CONTROL NUMBER IDENTIFIER | |
| control field | IT-MiCISF |
| 008 - FIXED-LENGTH DATA ELEMENTS--GENERAL INFORMATION | |
| fixed length control field | 161014s9999||||xx |||||||||||||| ||und|| |
| 040 ## - CATALOGING SOURCE | |
| Original cataloging agency | IT-MiCISF |
| Transcribing agency | IT-MiCISF |
| 041 ## - LANGUAGE CODE | |
| Language code of text/sound track or separate title | it |
| 999 ## - SYSTEM CONTROL NUMBERS (KOHA) | |
| Koha Dewey Subclass [OBSOLETE] | si |
| 100 ## - MAIN ENTRY--PERSONAL NAME | |
| Personal name | De Mattei Roberto (a cura di) |
| 245 #0 - TITLE STATEMENT | |
| Title | Finis Vitae |
| Remainder of title | La morte cerebrale è ancora vita? |
| 250 ## - EDITION STATEMENT | |
| Edition statement | 1a ed. |
| 260 ## - PUBLICATION, DISTRIBUTION, ETC. (IMPRINT) | |
| Place of publication, distribution, etc. | Soveria Mannelli (CZ) |
| Name of publisher, distributor, etc. | Rubbettino |
| Date of publication, distribution, etc. | 2007 |
| 300 ## - PHYSICAL DESCRIPTION | |
| Extent | pp. IX-481 |
| 500 ## - GENERAL NOTE | |
| General note | Armour J.A., Beckmann R., Bruskewitz F.W., Byrne P.A., De Mattei R., Evans D.W., Evers J.C., Galli Coimbra C., Hill D.J., Potts M., Seifert J., Shewmon D.A., Spaemann R., Waldstein W., Watanabe Y., Franklin Weber W., Weber R., Becchi P. / bioetica, morte, teoria, trapianti, magistero, legislazione / Nel 1968 un comitato dell'Harvard Medical School propose una ridefinizione del tradizionale concetto di morte, fondato sulla cessazione delle attività cardio-polmonari. Secondo i nuovi criteri, per l'accertamento della morte sarebbe sufficiente un riscontro strettamente neurologico: la definitiva cessazione delle funzioni del cervello. Secondo alcuni studiosi, questi criteri neurologici, fatti propri da molti legislatori occidentali, sembrano aver perduto la loro giustificazione scientifica. Nel corso degli anni, hanno fatto la loro comparsa numerose evidenze cliniche, che hanno sollevato interrogativi di natura sia medico-biologica che etico-filosofica e giuridica. Mentre la discussione su questa materia in vari Paesi è molto vivace, in Italia la questione non viene approfondita. La raccolta di studi pubblicati in questo volume intende fornire una ricostruzione di tale dibattito e suggerire una revisione del concetto di morte cerebrale. |
| 650 ## - SUBJECT ADDED ENTRY--TOPICAL TERM | |
| Topical term or geographic name as entry element | Temi di bioetica / bioetica |
| Relator term | 011 |
| 942 ## - ADDED ENTRY ELEMENTS (KOHA) | |
| Koha item type | LIBRO |
| 957 ## - | |
| -- | 1 |
| 999 ## - SYSTEM CONTROL NUMBERS (KOHA) | |
| -- | 1 |
| Withdrawn status | Lost status | Damaged status | Not for loan | Home library | Current library | Date acquired | Total Checkouts | Full call number | Date last seen | Price effective from | Koha item type | Public note |
|---|---|---|---|---|---|---|---|---|---|---|---|---|
| Buone Condizioni | Not For Loan | CISF - Milano | CISF - Milano | 14/10/2016 | b6584-47509 | 14/10/2016 | 14/10/2016 | LIBRO | Data import 15.10.2016 / by Epidotti, Vaglietti |